[Event "Titled Tuesday intern op 16th Apr Early"]
[Site "Chess.com INT"]
[Date "2024.04.16"]
[Round "10"]
[White "Paikens, Reinis"]
[Black "Shapiro, Viktor"]
[Result "1-0"]
[WhiteElo "2179"]
[BlackElo "2113"]
[PlyCount "85"]
[EventDate "2024.04.16"]
[EventType "swiss (blitz)"]
[EventRounds "11"]
[EventCountry "USA"]
[SourceTitle "CB17_2024"]
[SourceDate "2024.04.24"]
[SourceVersion "1"]
[SourceVersionDate "2024.04.24"]
[SourceQuality "1"]

1. c4 Nf6 2. Nc3 c5 3. g3 Nc6 4. Bg2 d6 5. Nf3 e6 6. e3 Be7 7. 0-0 0-0 8. d4 Bd7 9. b3 a6 10. Bb2 Rc8 11. d5 Na5 12. e4 exd5 13. cxd5 b5 14. Re1 b4 15. Nb1 Bg4 16. Nbd2 Nd7 17. h3 Bh5 18. Qc2 Bf6 19. Nc4 Nxc4 20. bxc4 Re8 21. Nd2 a5 22. f4 Bxb2 23. Qxb2 f6 24. a4 Nb6 25. e5 fxe5 26. fxe5 dxe5 27. Rxe5 Qf6 28. Rae1 Nxa4 29. Qa1 Rxe5 30. Rxe5 Nc3 31. Qe1 Ne2+ 32. Rxe2 Bxe2 33. Qxe2 a4 34. Ne4 Qd4+ 35. Kh2 b3 36. Nd6 Qf6 37. Nxc8 g6 38. Qe6+ Qxe6 39. dxe6 a3 40. e7 Kf7 41. Bd5+ Ke8 42. Bc6+ Kf7 43. e8Q+ 1-0

[Event "Titled Tuesday intern op 16th Apr Early"]
[Site "Chess.com INT"]
[Date "2024.04.16"]
[Round "11"]
[White "Spichkin, Alexander"]
[Black "Paikens, Reinis"]
[Result "1-0"]
[WhiteElo "2035"]
[BlackElo "2179"]
[PlyCount "75"]
[EventDate "2024.04.16"]
[EventType "swiss (blitz)"]
[EventRounds "11"]
[EventCountry "USA"]
[SourceTitle "CB17_2024"]
[SourceDate "2024.04.24"]
[SourceVersion "1"]
[SourceVersionDate "2024.04.24"]
[SourceQuality "1"]

1. f4 c5 2. Nf3 Nc6 3. d3 g6 4. e4 Bg7 5. Be2 d5 6. 0-0 dxe4 7. dxe4 Qxd1 8. Rxd1 Bg4 9. e5 Rd8 10. Rxd8+ Kxd8 11. c3 Kc7 12. Be3 b6 13. Na3 Kb7 14. h3 Bd7 15. Rd1 Be8 16. Nd2 f6 17. Ndc4 fxe5 18. Bf3 exf4 19. Bxf4 a6 20. Ne5 Nf6 21. Rd8 Rf8 22. Nac4 Ne4 23. Rxe8 Rxf4 24. Nxc6 Kxc6 25. Rxe7 Bf6 26. Rxe4 Rxe4 27. Bxe4+ Kc7 28. Kf2 b5 29. Ne3 Kd6 30. Ke2 b4 31. Kd3 a5 32. Nc4+ Kc7 33. Nxa5 Kb6 34. Nb3 Kb5 35. Bd5 Kb6 36. Kc4 bxc3 37. bxc3 Be7 38. a4 1-0

[Event "Titled Tuesday intern op 06th Feb Early"]
[Site "Chess.com INT"]
[Date "2024.02.06"]
[Round "1"]
[White "Paikens, Reinis"]
[Black "Maltsevskaya, Aleksandra"]
[Result "0-1"]
[WhiteElo "2122"]
[BlackElo "2374"]
[PlyCount "42"]
[EventDate "2024.02.06"]
[EventType "swiss (blitz)"]
[EventRounds "11"]
[EventCountry "USA"]
[SourceTitle "CB07_2024"]
[SourceDate "2024.02.14"]
[SourceVersion "1"]
[SourceVersionDate "2024.02.14"]
[SourceQuality "1"]

1. c4 Nf6 2. Nc3 g6 3. g3 Bg7 4. Bg2 d6 5. e4 0-0 6. Nge2 e5 7. 0-0 Nc6 8. d3 a6 9. h3 b5 10. b3 Rb8 11. Kh2 Nh5 12. g4 Nf4 13. Nxf4 exf4 14. Bb2 Qh4 15. f3 h5 16. Qe1 Qg5 17. Rb1 Ne5 18. Qe2 hxg4 19. fxg4 Bxg4 20. hxg4 Nxg4+ 21. Kg1 Bd4+ 0-1

[Event "Pardubice Czech op-A 34th"]
[Site "Pardubice"]
[Date "2023.07.22"]
[Round "2"]
[White "Arhan, Chethan Anand"]
[Black "Paikens, Reinis"]
[Result "1-0"]
[WhiteElo "2342"]
[BlackElo "2073"]
[PlyCount "97"]
[EventDate "2023.07.21"]
[EventType "swiss"]
[EventRounds "9"]
[EventCountry "CZE"]
[SourceTitle "CBM 215 Extra"]
[Source "ChessBase"]
[SourceDate "2023.09.30"]
[SourceVersion "1"]
[SourceVersionDate "2023.09.30"]
[SourceQuality "1"]

1. d4 Nf6 2. c4 e6 3. Nf3 d5 4. g3 Nbd7 5. Bg2 c6 6. Qc2 Bb4+ 7. Bd2 Qa5 8. 0-0 Bxd2 9. Nbxd2 0-0 10. Rfe1 Rd8 11. e4 Nf8 12. e5 Ne8 13. Bf1 Qc7 14. Rac1 Qe7 15. c5 Bd7 16. b4 a5 17. Rb1 axb4 18. Rxb4 Ra7 19. Reb1 Rda8 20. R1b2 Bc8 21. Nb1 Nc7 22. Nc3 Na6 23. R4b3 Nc7 24. Rb4 Na6 25. Bxa6 Rxa6 26. Ne1 f6 27. Nd3 Nd7 28. Na4 f5 29. Nb6 Nxb6 30. cxb6 Ra3 31. Nc5 Qg5 32. R4b3 R3a5 33. a4 Qe7 34. Rb4 Kf7 35. Qc3 Kg8 36. Ra2 f4 37. Ra3 Qd8 38. Qf3 fxg3 39. Qxg3 Qe7 40. Rc3 Bd7 41. Rbb3 Be8 42. Qg4 Rxa4 43. Nxa4 Rxa4 44. h3 Bg6 45. Rxc6 Ra1+ 46. Kh2 Qf8 47. Qxe6+ Bf7 48. Qd6 Qa8 49. Qd7 1-0

[Event "Wch U16 blitz"]
[Site "Batumi"]
[Date "2023.06.10"]
[Round "4"]
[White "Safarov, Deniel"]
[Black "Paikens, Reinis"]
[Result "1-0"]
[WhiteElo "1950"]
[BlackElo "1886"]
[PlyCount "73"]
[EventDate "2023.06.10"]
[EventType "swiss (blitz)"]
[EventRounds "11"]
[EventCountry "GEO"]
[SourceTitle "EXT 2024"]
[Source "ChessBase"]
[SourceDate "2023.10.10"]
[SourceVersion "1"]
[SourceVersionDate "2023.10.10"]
[SourceQuality "1"]
[WhiteTeam "Georgia"]
[BlackTeam "Latvia"]
[WhiteTeamCountry "GEO"]
[BlackTeamCountry "LAT"]

1. e4 c5 2. Nf3 Nc6 3. d4 cxd4 4. Nxd4 g6 5. c4 Bg7 6. Be3 Nf6 7. Nc3 d6 8. Be2 0-0 9. 0-0 Bd7 10. h3 a5 11. Qd2 a4 12. Rac1 Qa5 13. Rfd1 Nxd4 14. Bxd4 Bc6 15. Qe3 Rfe8 16. a3 Nd7 17. Nd5 Bxd5 18. exd5 Bxd4 19. Rxd4 Qa7 20. Qc3 Rac8 21. Re4 Nf6 22. Rd4 Rc5 23. Qd2 Rec8 24. Re1 b5 25. cxb5 Rc2 26. Qb4 Qb6 27. Bf1 Nxd5 28. Rxd5 Qxf2+ 29. Kh1 Rxb2 30. Qe4 Rcc2 31. Qxe7 Qg3 32. Qe4 Qf2 33. Rxd6 Re2 34. Qa8+ Kg7 35. Red1 Qf4 36. Bxe2 Rxe2 37. Qf3 1-0

[Event "Wch U16 rapid"]
[Site "Batumi"]
[Date "2023.06.08"]
[Round "10"]
[White "Paikens, Reinis"]
[Black "Safarov, Deniel"]
[Result "1/2-1/2"]
[WhiteElo "2005"]
[BlackElo "2069"]
[PlyCount "78"]
[EventDate "2023.06.06"]
[EventType "swiss (rapid)"]
[EventRounds "11"]
[EventCountry "GEO"]
[SourceTitle "EXT 2024"]
[Source "ChessBase"]
[SourceDate "2023.10.10"]
[SourceVersion "1"]
[SourceVersionDate "2023.10.10"]
[SourceQuality "1"]
[WhiteTeam "Latvia"]
[BlackTeam "Georgia"]
[WhiteTeamCountry "LAT"]
[BlackTeamCountry "GEO"]

1. c4 e5 2. Nc3 Nf6 3. Nf3 Nc6 4. e3 d5 5. cxd5 Nxd5 6. Bb5 f6 7. Qa4 Qd6 8. 0-0 Nb6 9. Qe4 Bd7 10. d4 f5 11. Qh4 e4 12. Bxc6 Bxc6 13. Ne5 Be7 14. Qh5+ g6 15. Qe2 0-0 16. Nb5 Bxb5 17. Qxb5 Bf6 18. Qb3+ Qd5 19. Qxd5+ Nxd5 20. Nd7 Rf7 21. Nc5 c6 22. Bd2 Rc8 23. Rac1 Re7 24. g3 h5 25. h4 g5 26. hxg5 Bxg5 27. Kg2 h4 28. gxh4 Bxh4 29. Rh1 Rh7 30. Rcg1 b6 31. Kf1+ Kh8 32. Ne6 Re8 33. Nf4 Nxf4 34. exf4 Bf6 35. Bc3 Rd8 36. Ke2 Rxh1 37. Rg7 Kxg7 38. Ke3 a6 39. a3 Kg6 1/2-1/2

[Event "Wch U16 rapid"]
[Site "Batumi"]
[Date "2023.06.07"]
[Round "5"]
[White "Aleksanyan, Davit"]
[Black "Paikens, Reinis"]
[Result "1-0"]
[WhiteElo "1811"]
[BlackElo "2005"]
[PlyCount "88"]
[EventDate "2023.06.06"]
[EventType "swiss (rapid)"]
[EventRounds "11"]
[EventCountry "GEO"]
[SourceTitle "EXT 2024"]
[Source "ChessBase"]
[SourceDate "2023.10.10"]
[SourceVersion "1"]
[SourceVersionDate "2023.10.10"]
[SourceQuality "1"]
[WhiteTeam "Armenia"]
[BlackTeam "Latvia"]
[WhiteTeamCountry "ARM"]
[BlackTeamCountry "LAT"]

1. e4 c5 2. Nf3 e6 3. d4 cxd4 4. Nxd4 Nf6 5. Nc3 Nc6 6. Ndb5 Bc5 7. Nd6+ Ke7 8. Bf4 e5 9. Nf5+ Kf8 10. Bg5 d6 11. Bc4 Be6 12. Qe2 h6 13. Bxf6 Qxf6 14. Nd5 Qg5 15. 0-0 Bxf5 16. exf5 Qxf5 17. c3 a6 18. Kh1 g5 19. b4 Ba7 20. Bd3 Qd7 21. Qf3 Rd8 22. Qf6 Kg8 23. Bf5 Qe8 24. a4 e4 25. b5 Ne5 26. Ne7+ Kf8 27. Qxh8+ Kxe7 28. Qxe8+ Kxe8 29. Bxe4 d5 30. Bf3 Ke7 31. Rad1 Ke6 32. bxa6 bxa6 33. Be2 Rc8 34. Rc1 Rc6 35. g3 g4 36. Kg2 h5 37. h3 Kd6 38. hxg4 hxg4 39. Rh1 f6 40. Rh6 Bc5 41. Rb1 Ke6 42. Rd1 Ba3 43. Rh8 Bc5 44. Rb8 Kd6 1-0

[Event "LAT-ch"]
[Site "Riga"]
[Date "2023.05.05"]
[Round "9"]
[White "Vingris, Mikelis"]
[Black "Paikens, Reinis"]
[Result "1/2-1/2"]
[WhiteElo "2051"]
[BlackElo "1766"]
[PlyCount "56"]
[EventDate "2023.04.29"]
[EventType "swiss"]
[EventRounds "9"]
[EventCountry "LAT"]
[SourceTitle "EXT 2024"]
[Source "ChessBase"]
[SourceDate "2023.10.10"]
[SourceVersion "1"]
[SourceVersionDate "2023.10.10"]
[SourceQuality "1"]

1. e4 e5 2. Bc4 Nf6 3. d3 Nc6 4. Nf3 Bc5 5. 0-0 0-0 6. c3 d5 7. exd5 Nxd5 8. b4 Be7 9. Re1 Bf6 10. Bb2 Bg4 11. Nbd2 Nb6 12. Bb5 Ne7 13. h3 Bd7 14. Bxd7 Nxd7 15. Ne4 Ng6 16. c4 Be7 17. Qb3 c6 18. Rad1 Qc7 19. Bc3 Rfe8 20. Qb2 f6 21. Ng3 c5 22. Nf5 cxb4 23. Bxb4 Bxb4 24. Qxb4 Nc5 25. d4 exd4 26. Rxe8+ Rxe8 27. N3xd4 Rd8 28. Qb1 Ne5 1/2-1/2

[Event "LAT-ch"]
[Site "Riga"]
[Date "2023.05.02"]
[Round "5"]
[White "Paikens, Reinis"]
[Black "Batashevs, Arsens"]
[Result "1/2-1/2"]
[WhiteElo "1766"]
[BlackElo "2180"]
[PlyCount "75"]
[EventDate "2023.04.29"]
[EventType "swiss"]
[EventRounds "9"]
[EventCountry "LAT"]
[SourceTitle "EXT 2024"]
[Source "ChessBase"]
[SourceDate "2023.10.10"]
[SourceVersion "1"]
[SourceVersionDate "2023.10.10"]
[SourceQuality "1"]

1. c4 g6 2. Nc3 Bg7 3. g3 c5 4. Bg2 Nc6 5. Nf3 a6 6. 0-0 Rb8 7. a4 d6 8. d3 h5 9. h4 Nh6 10. Bxh6 Bxh6 11. d4 cxd4 12. Nxd4 Bd7 13. Rb1 Ne5 14. b3 Ng4 15. e4 g5 16. hxg5 Bg7 17. Nce2 h4 18. Nf5 Bxf5 19. exf5 Qb6 20. f6 exf6 21. Nd4 fxg5 22. Nf5 Nxf2 23. Rxf2 hxg3 24. Nxg7+ Kf8 25. Ne6+ Kg8 26. Qd4 Qxd4 27. Nxd4 gxf2+ 28. Kxf2 Rh4 29. Rd1 Rf4+ 30. Kg3 b6 31. Nf3 Rf6 32. Nxg5 Rg6 33. Kf4 Rf6+ 34. Kg4 Re8 35. Bd5 Re3 36. Nxf7 Rxf7 37. Rf1 Ree7 38. Bxf7+ 1/2-1/2